Australian & Canadian Sub-Divisions by Shape - Statistics

General Stats
  • This quiz has been taken 217 times
  • The average score is 18 of 21
Answer Stats
Answer % Correct
Tasmania
97%
Quebec
92%
New South Wales
91%
Queensland
91%
British Columbia
90%
Nunavut
90%
Ontario
90%
South Australia
89%
Nova Scotia
88%
Western Australia
88%
Manitoba
87%
Newfoundland and Labrador
87%
Alberta
85%
Prince Edward Island
83%
Saskatchewan
83%
Northern Territory
82%
Yukon
81%
Northwest Territories
79%
Victoria
77%
New Brunswick
71%
Australian Capital Territory
60%
No matching quizzes found
Score Distribution
Percent of People with Each Score
Percentile by Number Answered
Your Score History
You have not taken this quiz